| 000 | 00503 a2200157 4500 | ||
|---|---|---|---|
| 040 |
_aDLC _bDLC |
||
| 082 | _a512.89 SPI | ||
| 100 | _aSpiegel, Murray R. | ||
| 245 |
_aTheory and Problems of Vector Analysis and an Introduction to Tensor Analysis _cMurray R. Spiegel |
||
| 250 | _aSI (METRIC) ed. | ||
| 260 |
_aIslamabad : _bNational Book Foundation. |
||
| 300 |
_a225 p. : _b ill. ; _c28 cm. |
||
| 500 | _aIncludes Index | ||
| 650 | _aVector analysis.2.Calculus of tensor. | ||
| 942 |
_cBK _k512.89 SPI _2ddc |
||
| 999 |
_c7499 _d7499 |
||